000 00858nam a2200253 a 4500
001 000005233
005 20250219074027.0
008 090818s2008 dr a r 000 0 spa d
020 _a9789945068450
040 _aDO-SdBNP
_bspa
_cBNPHU
082 _aRD863.44
_bG216ca
100 1 _aGarcía Castro, Néstor Julio,
_d1944-
_914929
245 1 3 _aLa cabeza /
_cNéstor Julio García Castro ; edición Isael Pérez, Enrique García Jorge.
260 _aSanto Domingo :
_bSantuario,
_c2008.
300 _a86 p. :
_bil. ;
_c21 cm.
490 1 _aSantuario ;
_v18
590 _aInventariado, 2020/BT
650 0 _aCuentos dominicanos
_9176
650 0 _aLiteratura dominicana.
_967
700 1 _aPérez, Isael,
_d1961-
_eed.
_91414
700 1 _aGarcía Jorge, Enrique,
_eed.
_914930
830 0 _aSantuario ;
_n18
_914931
910 _aValidado. Control de calidad. MFF
999 _c5034
_d5034